Như là huyền thoại : Ký

Saved in:
Bibliographic Details
Main Author: Trương, Thanh Hùng
Format: Book
Language:Undetermined
Published: Hà Nội Hội nhà văn 2020
Subjects:
Tags: Add Tag
No Tags, Be the first to tag this record!
Institutions: Trung tâm Học liệu Trường Đại học Cần Thơ
LEADER 00540nam a2200193Ia 4500
001 CTU_240062
008 210402s9999 xx 000 0 und d
082 |a 895.922803 
082 |b H513 
100 |a Trương, Thanh Hùng 
245 0 |a Như là huyền thoại : 
245 0 |b Ký 
245 0 |c Trương Thanh Hùng 
260 |a Hà Nội 
260 |b Hội nhà văn 
260 |c 2020 
650 |a Tự truyện,Autobiographies 
910 |b nthai 
980 |a Trung tâm Học liệu Trường Đại học Cần Thơ